|
|
|
|
| LEADER |
00000nam0a2200000 4500 |
| 001 |
196351 |
| 005 |
20231101224703.0 |
| 035 |
|
|
|a (RuTPU)RU\TPU\book\214199
|
| 090 |
|
|
|a 196351
|
| 100 |
|
|
|a 20110523d1941 m y0rusy50 ca
|
| 101 |
0 |
|
|a rus
|
| 102 |
|
|
|a RU
|
| 105 |
|
|
|a a z 000zy
|
| 200 |
1 |
|
|a Краткое руководство по опробованию россыпей на золото и редкие металлы
|f А. К. Войтович
|g Научно-исследовательский геологоразведочный институт золота НИГРИЗОЛОТО
|
| 210 |
|
|
|a Москва
|c Госгеолиздат
|d 1941
|
| 215 |
|
|
|a 72 с.
|c ил.
|
| 317 |
|
|
|5 63413507: КР-532
|a Поступила в НТБ в 2004 г. в составе книжного собрания профессора ТПИ К. В. Радугина.
|
| 320 |
|
|
|a Библиогр.: с. 71.
|
| 330 |
|
|
|a Книга содержит описание приемов опробования россыпей на золото и минералы редких металлов при поисковых и разведочных работах, а также краткие сведения по эксплоатационному опробованию россыпей. В работе также излагаются приемы качественного и количественного минералогического анализа шлихов и систематический ход связанных с ним операций. Книга рассчитана на инженеров и техников геологоразведочной службы промышленности золота, олова и редких металлов.
|
| 606 |
1 |
|
|a Россыпи полезных ископаемых
|x Опробование
|2 stltpush
|3 (RuTPU)RU\TPU\subj\25379
|9 49554
|
| 610 |
1 |
|
|a горное дело
|
| 610 |
1 |
|
|a россыпные месторождения
|
| 610 |
1 |
|
|a редкометалльные месторождения
|
| 610 |
1 |
|
|a золотые месторождения
|
| 610 |
1 |
|
|a ценные минералы
|
| 610 |
1 |
|
|a поисковые работы
|
| 610 |
1 |
|
|a разведочные работы
|
| 610 |
1 |
|
|a пробы
|
| 610 |
1 |
|
|a лабораторная обработка
|
| 610 |
1 |
|
|a минералогический анализ
|
| 610 |
1 |
|
|a золото
|
| 610 |
1 |
|
|a редкие металлы
|
| 610 |
1 |
|
|a владельческая надпись
|
| 610 |
1 |
|
|a библиотека К. В. Радугина
|
| 675 |
|
|
|a 622.7.09
|v 3
|
| 700 |
|
1 |
|a Войтович
|b А. К.
|
| 712 |
0 |
2 |
|a Научно-исследовательский геологоразведочный институт золота
|c (Москва)
|c (1936-1941)
|2 stltpush
|3 (RuTPU)RU\TPU\col\17477
|9 26645
|
| 801 |
|
1 |
|a RU
|b 63413507
|c 20110523
|
| 801 |
|
2 |
|a RU
|b 63413507
|c 20200522
|g RCR
|
| 942 |
|
|
|c BK
|